00345 a2200109 4500001001000000005001700010008004100027245005900068100002200127700001400149773007200163ART_1193020260410161901.0260409a 10aThe optimal rate of decline of an inefficient industry1 aForster, Bruce A.1 aRees, Ray0 tJournal of public economicsg- Vol. 22, NÂș 2 (nov. 1983)wREV11485